[Event "Champigny sur Marne op 6th"]
[Site "Champigny sur Marne"]
[Date "2006.02.19"]
[Round "5"]
[White "Camus, Eric"]
[Black "Miniconi, Jean Francois"]
[Result "1/2-1/2"]
[WhiteElo "1750"]
[BlackElo "1530"]
[PlyCount "130"]
[EventDate "2006.02.16"]
[EventType "swiss"]
[EventRounds "6"]
[EventCountry "FRA"]
[SourceTitle "EXT 2007"]
[Source "ChessBase"]
[SourceDate "2006.11.23"]
[SourceVersion "1"]
[SourceVersionDate "2006.11.23"]
[SourceQuality "1"]

1. e4 e6 2. d4 d5 3. exd5 exd5 4. Bd3 c5 5. dxc5 Bxc5 6. Nf3 Nf6 7. Qe2+ Qe7 8. Qxe7+ Bxe7 9. 0-0 0-0 10. Nc3 Be6 11. Nd4 Nc6 12. Nxe6 fxe6 13. Nb5 Ne8 14. Be3 a6 15. Nd4 Nxd4 16. Bxd4 Bf6 17. Bc5 Rf7 18. c3 Rc8 19. Be3 b5 20. f3 Nc7 21. Rac1 e5 22. Bb6 Ne6 23. Bf5 Rc6 24. Bf2 Nf4 25. Bb1 Ne2+ 26. Kh1 Nxc1 27. Rxc1 d4 28. Be4 Rc5 29. b4 Rxc3 30. Rxc3 dxc3 31. Bd5 c2 32. Be3 Kf8 33. Bxf7 Kxf7 34. g3 e4 35. Bc1 h6 36. f4 e3 37. Kg2 Bd4 38. Kf1 Bc3 39. Ke2 Bxb4 40. Kxe3 Bc5+ 41. Kd3 Bg1 42. h3 Bh2 43. g4 Bg1 44. Kxc2 Ke6 45. f5+ Kf7 46. Kd3 Bc5 47. Bd2 g6 48. Bxh6 gxf5 49. Ke2 fxg4 50. hxg4 a5 51. Kd3 Bb4 52. Kc2 Kf6 53. Bd2 Bxd2 54. Kxd2 Kg5 55. Kc3 Kxg4 56. Kd4 Kf5 57. Kc5 Ke4 58. Kxb5 Kd4 59. a4 Kd5 60. Kxa5 Kc5 61. Ka6 Kc6 62. Ka7 Kc7 63. a5 Kc6 64. a6 Kc7 65. Ka8 Kc8 1/2-1/2